ბათუმის შოთა რუსთაველის სახელმწიფო უნივერსიტეტის ბიბლიოთეკა

Neurology : (ბიბ.ჩანაწერი № 61643)

000 -LEADER
fixed length control field 00648nam a22002057a 4500
005 - DATE AND TIME OF LATEST TRANSACTION
control field 20240405094250.0
008 - FIXED-LENGTH DATA ELEMENTS--GENERAL INFORMATION
fixed length control field 240404s2006 enk||||| |||| 00| 0 eng d
020 ## - INTERNATIONAL STANDARD BOOK NUMBER
International Standard Book Number 9780443100710x
041 ## - LANGUAGE CODE
Language code of text/sound track or separate title eng
080 ## - UNIVERSAL DECIMAL CLASSIFICATION NUMBER
Universal Decimal Classification number 616.8 F-52
100 ## - MAIN ENTRY--PERSONAL NAME
Personal name Fuller, Geraint
9 (RLIN) 21716
245 ## - TITLE STATEMENT
Title Neurology :
Remainder of title An Illustrated Colour Text /
Statement of responsibility, etc. Geraint Fuller, Mark R. Manford.
250 ## - EDITION STATEMENT
Edition statement Second edition
264 ## - PRODUCTION, PUBLICATION, DISTRIBUTION, MANUFACTURE, AND COPYRIGHT NOTICE
Place of production, publication, distribution, manufacture Edinburg
Name of producer, publisher, distributor, manufacturer Elsevier,
Date of production, publication, distribution, manufacture, or copyright notice 2006.
300 ## - PHYSICAL DESCRIPTION
Extent 135 p. :
Other physical details ill.;
Dimensions 23 cm.
653 ## - INDEX TERM--UNCONTROLLED
keyword ნეიროლოგია
653 ## - INDEX TERM--UNCONTROLLED
keyword მედიცინა
700 ## - ADDED ENTRY--PERSONAL NAME
Personal name Manford, Mark R.
Relator term ავტორი
9 (RLIN) 21717
942 ## - ADDED ENTRY ELEMENTS (KOHA)
Source of classification or shelving scheme
Koha item type წიგნი
ეგზემპლარები
Withdrawn status Lost status Source of classification or shelving scheme Damaged status Not for loan Permanent Location Current Location Shelving location Date acquired Cost, normal purchase price Full call number Barcode Date last seen Copy number Price effective from Koha item type Public note
          ბათუმის შოთა რუსთაველის სახელმწიფო უნივერსიტეტის მთავარი ბიბლიოთეკა ბათუმის შოთა რუსთაველის სახელმწიფო უნივერსიტეტის მთავარი ბიბლიოთეკა წიგნსაცავი 2024-04-04 91.00 616.8 F-52 67788 2024-04-04 67788 2024-04-04 წიგნი 91 ლ.